| 000 | 00788nam a22002177a 4500 | ||
|---|---|---|---|
| 005 | 20081022122022.0 | ||
| 008 | 081022t xxu||||| |||| 00| 0 eng d | ||
| 010 | _aENG-84315 | ||
| 020 | _a019568107X | ||
| 020 | _c675.00 (hb) | ||
| 035 | _aEN-67848 | ||
| 082 | _a330.122 | ||
| 100 | _aMookherjee, Dilip | ||
| 245 |
_aMarket institutions, governance, and development : _bcollected essays / _cby Dilip Mookherjee |
||
| 260 |
_aNew Delhi _bOxford University Press |
||
| 260 | _c2006 | ||
| 300 |
_axii,370p _c23cm |
||
| 500 | _aIncludes bibliographical references | ||
| 942 |
_2ddc _cEN _h330.122 _mDEC |
||
| 999 |
_c17653 _d17653 |
||